| 000 | 00426nam a2200181Ia 4500 | ||
|---|---|---|---|
| 003 | OSt | ||
| 005 | 20251215163828.0 | ||
| 008 | 221004b |||||||| |||| 00| 0 eng d | ||
| 037 | _cTextual | ||
| 040 |
_aAL _cAL _beng |
||
| 041 |
_2eng _aeng |
||
| 100 |
_aAbdul Mugni _9397128 |
||
| 245 | 0 | _aIslube Tankeed | |
| 260 | _c1989. | ||
| 365 |
_b90.00 _cINR |
||
| 942 |
_cTEXL _2cc _n0 |
||
| 999 |
_c1043727 _d1043727 |
||